भर्तृहरि का नीति-शतक / (Record no. 112143)
[ view plain ]
| 000 -LEADER | |
|---|---|
| fixed length control field | 00983nam a22002537a 4500 |
| 005 - DATE AND TIME OF LATEST TRANSACTION | |
| control field | 20170124102934.0 |
| 010 ## - LIBRARY OF CONGRESS CONTROL NUMBER | |
| LC control number | B-118489 |
| 020 ## - INTERNATIONAL STANDARD BOOK NUMBER | |
| Terms of availability | 125.00 |
| International Standard Book Number | 8188139319 |
| 035 ## - SYSTEM CONTROL NUMBER | |
| System control number | B-118489 |
| 037 ## - SOURCE OF ACQUISITION | |
| Source of stock number/acquisition | Cen Lib/Ret |
| 040 ## - CATALOGING SOURCE | |
| Original cataloging agency | DPL |
| Language of cataloging | HN |
| 082 ## - DEWEY DECIMAL CLASSIFICATION NUMBER | |
| Classification number | 821 |
| Item number | पाठक |
| 100 ## - MAIN ENTRY--PERSONAL NAME | |
| Personal name | पाठक, मूलचन्द्र |
| 9 (RLIN) | 42810 |
| 245 ## - TITLE STATEMENT | |
| Title | भर्तृहरि का नीति-शतक / |
| Statement of responsibility, etc | मूलचन्द्र पाठक |
| 246 ## - VARYING FORM OF TITLE | |
| Title proper/short title | Bhartrihari ka neeti-shatak / |
| Remainder of title | by Moolchandra Pathak |
| 260 ## - PUBLICATION, DISTRIBUTION, ETC. (IMPRINT) | |
| Place of publication, distribution, etc | दिल्ली |
| Name of publisher, distributor, etc | ज्ञान गंगा |
| Date of publication, distribution, etc | 2003 |
| 270 ## - ADDRESS | |
| Address | 205-c, चावडी बाज़ार |
| City | दिल्ली |
| Postal code | 110006 |
| 300 ## - PHYSICAL DESCRIPTION | |
| Extent | 134पृ. |
| Dimensions | 19सेमी (सजिल्द) |
| 650 ## - SUBJECT ADDED ENTRY--TOPICAL TERM | |
| Topical term or geographic name as entry element | संस्कृत साहित्य |
| 9 (RLIN) | 442 |
| 650 ## - SUBJECT ADDED ENTRY--TOPICAL TERM | |
| Topical term or geographic name as entry element | कविताएं |
| 9 (RLIN) | 46088 |
| 650 ## - SUBJECT ADDED ENTRY--TOPICAL TERM | |
| Topical term or geographic name as entry element | Sanskrit Literature |
| 9 (RLIN) | 46089 |
| 650 ## - SUBJECT ADDED ENTRY--TOPICAL TERM | |
| Topical term or geographic name as entry element | Poems |
| 9 (RLIN) | 46090 |
| 942 ## - ADDED ENTRY ELEMENTS (KOHA) | |
| Source of classification or shelving scheme | Dewey Decimal Classification |
| Koha item type | Hindi Books |
| Classification part | 821 |
| Call number suffix | पाठक |
| Withdrawn status | Lost status | Damaged status | Not for loan | Home library | Current library | Date acquired | Source of acquisition | Cost, normal purchase price | Total Checkouts | Full call number | Barcode | Date last seen | Copy number | Cost, replacement price | Price effective from | Koha item type |
|---|---|---|---|---|---|---|---|---|---|---|---|---|---|---|---|---|
| Central Library | Central Library | 07/08/2015 | Cen Lib/Ret | 125.00 | 821 पाठक | B-118489 | 07/08/2015 | 1 | 125.00 | 15/09/2016 | Hindi Books | |||||
| Central Library | Central Library | 28/09/2015 | Cen Lib/Ret | 125.00 | 821 पाठक | B-118502 | 28/09/2015 | 1 | 125.00 | 28/09/2015 | Hindi Books |
